000 00735nam a2200289Ia 4500
005 20260324124218.0
008 008 260324s9999 xx 000 0 eng d
020 _a9780203863978
037 _aEBOOK
040 _aCRL
040 _beng
040 _cCRL
041 _2eng
041 _aeng
084 _qCRL
100 _aGhassan Khatib
_91173279
245 0 _aPalestinian Politics and the Middle East Peace Process
245 0 _bConsensus and Competition in the Palestinian Negotiating Team
260 _bTaylor and Francis
260 _c2010
365 _a
365 _b240
856 _uhttp://www.taylorfrancis.com/books/9780203863978
942 _cEBOOK
999 _c1767477
_d1767477